[Event "Pan American-ch Seniors 65"]
[Site "Florianopolis"]
[Date "2022.06.26"]
[Round "9"]
[White "Cranbourne, Carlos Leon"]
[Black "Carvalho, Herbert Abreu"]
[Result "1-0"]
[WhiteElo "2254"]
[BlackElo "2116"]
[PlyCount "87"]
[EventDate "2022.06.21"]
[EventType "swiss"]
[EventRounds "9"]
[EventCountry "BRA"]
[SourceTitle "CBM 209 Extra"]
[Source "ChessBase"]
[SourceDate "2022.09.30"]
[SourceVersion "1"]
[SourceVersionDate "2022.09.30"]
[SourceQuality "1"]

1. Nf3 Nf6 2. c4 e6 3. g3 c5 4. Bg2 Nc6 5. 0-0 Qb6 6. e3 d5 7. Qe2 Be7 8. b3 dxc4 9. bxc4 e5 10. Nc3 0-0 11. d3 h6 12. Rb1 Qd8 13. Rd1 Re8 14. Nd2 Bf8 15. Nde4 Nxe4 16. Bxe4 Na5 17. Bb2 Bd7 18. Ba1 Rb8 19. Qf3 Qc8 20. Bd5 Be6 21. Rd2 Bxd5 22. Nxd5 Nc6 23. h4 Qd7 24. a3 Rbc8 25. Kg2 b6 26. h5 Qe6 27. e4 Be7 28. Rh1 Bg5 29. Rdd1 Rf8 30. Qe2 f5 31. f4 exf4 32. gxf4 Bd8 33. Rh3 fxe4 34. dxe4 Re8 35. Rg3 Nd4 36. Bxd4 cxd4 37. Rxd4 Bf6 38. e5 Be7 39. Rg6 Qf5 40. Ne3 Qf8 41. Qg4 Kh8 42. Nf5 Red8 43. Rxg7 Rxd4 44. Qg6 1-0

[Event "ARG-ch Seniors 65"]
[Site "Buenos Aires"]
[Date "2021.12.09"]
[Round "2"]
[White "Cranbourne, Carlos Leon"]
[Black "Valli, Americo"]
[Result "1-0"]
[WhiteElo "2261"]
[BlackElo "1935"]
[PlyCount "67"]
[EventDate "2021.12.08"]
[EventType "swiss"]
[EventRounds "7"]
[EventCountry "ARG"]
[SourceTitle "CBM 205 Extra"]
[Source "ChessBase"]
[SourceDate "2022.01.31"]
[SourceVersion "1"]
[SourceVersionDate "2022.01.31"]
[SourceQuality "1"]

1. e4 c5 2. Nf3 e6 3. d4 cxd4 4. Nxd4 a6 5. Bd3 Bc5 6. Nb3 Ba7 7. Nc3 Nc6 8. Qe2 Nge7 9. Be3 b5 10. a3 Ne5 11. 0-0-0 0-0 12. f4 Nxd3+ 13. Rxd3 Qc7 14. Rhd1 Rb8 15. Bxa7 Qxa7 16. Rh3 g6 17. f5 f6 18. fxg6 hxg6 19. Qd2 Rf7 20. Qh6 Rg7 21. Qh8+ Kf7 22. Rh7 Rxh7 23. Qxh7+ Kf8 24. Nd4 Qb6 25. g4 e5 26. Qh6+ Ke8 27. Nde2 b4 28. axb4 Qxb4 29. b3 d6 30. Qh8+ Kf7 31. Rf1 f5 32. gxf5 gxf5 33. Qh5+ Kf8 34. exf5 1-0